EVALUACIÓN DEL DESARROLLO DEL CARACOL DE AGUA DULCE (Pomacea sp) BAJO TRES TIPOS DE DENSIDADES POBLACIONALES EN UN AMBIENTE CONTROLADO, EN EL MUNICIPIO DE COBÁN, ALTA VERAPAZ./ (Registro nro. 2347)

Detalles MARC
000 -LEADER
campo de control de longitud fija 03203nam a22003257a 4500
001 - NÚMERO DE CONTROL
campo de control TZ 0052
003 - IDENTIFICADOR DE NÚMERO DE CONTROL
campo de control gtcocun
005 - FECHA Y HORA DE LA ÚLTIMA TRANSACCIÓN
campo de control 20251014214820.0
006 - CÓDIGOS DE INFORMACIÓN DE LONGITUD FIJA--CARACTERÍSTICAS DEL MATERIAL ADICIONAL
campo de control de longitud fija a||||gr|||| 00| 0
007 - CAMPO FIJO DE DESCRIPCIÓN FÍSICA--INFORMACIÓN GENERAL
campo de control de longitud fija ta
008 - DATOS DE LONGITUD FIJA--INFORMACIÓN GENERAL
campo de control de longitud fija 251014b2016 gt ||||| m||| 00| 0 eng d
040 ## - FUENTE DE CATALOGACIÓN
Centro catalogador/agencia de origen gtcocun
Lengua de catalogación SPA
Centro/agencia transcriptor gtcocun
Normas de descripción RDA
041 ## - CÓDIGO DE IDIOMA
Código de lengua del texto/banda sonora o título independiente SPA TZ 0052
084 ## - OTRO NÚMERO DE CLASIFICACIÓN
Número de control del registro de autoridad o número normalizado TZ 0052
100 ## - ENTRADA PRINCIPAL--NOMBRE DE PERSONA
Nombre de persona Winter Martínez, Helmuth Alfonso
Término indicativo de función/relación Autor
245 ## - MENCIÓN DEL TÍTULO
Título EVALUACIÓN DEL DESARROLLO DEL CARACOL DE AGUA DULCE (Pomacea sp) BAJO TRES TIPOS DE DENSIDADES POBLACIONALES EN UN AMBIENTE CONTROLADO, EN EL MUNICIPIO DE COBÁN, ALTA VERAPAZ./
Mención de responsabilidad, etc. Helmuth Alfonso Winter Martínez.
Medio Impreso
264 ## - PRODUCCIÓN, PUBLICACIÓN, DISTRIBUCIÓN, FABRICACIÓN Y COPYRIGHT
Producción, publicación, distribución, fabricación y copyright Cobán, Alta Verapaz:
Nombre del de productor, editor, distribuidor, fabricante Universidad de San Carlos de Guatemala, Centro Universitario del Norte, Zootecnia
Fecha de producción, publicación, distribución, fabricación o copyright 2016
300 ## - DESCRIPCIÓN FÍSICA
Extensión 37 p.:
Otras características físicas Ilustraciones, gráficas.
Dimensiones 28 cm;
336 ## - TIPO DE CONTENIDO
Fuente rdacontenido
Término de tipo de contenido Texto
Código de tipo de contenido txt
337 ## - TIPO DE MEDIO
Fuente rdamedio
Nombre/término del tipo de medio Computadora
Código del tipo de medio n
338 ## - TIPO DE SOPORTE
Fuente rdasoporte
Nombre/término del tipo de soporte Código en línea
Código del tipo de soporte cr
502 ## - NOTA DE TESIS
identificador de la tesis TZ 0052
502 ## - NOTA DE TESIS
Nota de tesis Tesis de grado
Tipo de título Zootecnia,
Nombre de la institución que otorga el título Universidad de San Carlos de Guatemala, Centro Universitario del Norte, Zootecnia
Año de obtención del título 2016
Identificador de la tesis TZ 0052
520 14 - RESUMEN, ETC.
Sumario, etc. El presente trabajo de investigación tuvo como objetivo principal evaluar el desarrollo del caracol de agua dulce (Pomacea sp) bajo tres densidades<br/>poblacionales, en el municipio de Cobán, Alta Verapaz, ya que este departamento reúne condiciones climáticas y diversidad de recursos, que hace se destaque como una región con potencial para el cultivo de esta especie.<br/><br/>La fase pre experimental de esta investigación consistió en la preparación<br/>de las instalaciones, acuarios, selección de los caracoles a nivel de campo y la<br/>adaptación de los mismos a las condiciones de estudio.<br/><br/>Seguidamente la fase experimental que dio inicio con el diseño del experimento, planteamiento del modelo estadístico, esto para posterior análisis de cada variable en estudio entre las cuales se pueden mencionar la determinación del peso vivo, conversión alimenticia, diámetro del peristoma y la estimación de costos directos e indirectos que conllevó la producción de caracoles de agua dulce (Pomacea sp) en condiciones experimentales, dicha fase tuvo una duración de 90 días.<br/><br/>Posteriormente la fase de análisis e interpretación de los resultados los<br/>que demostraron que no existe diferencia significativa para el consumo de<br/>alimento y la ganancia de peso.<br/><br/>El costo de producción por kilogramo de peso vivo fue de Q.58.50. Q.40.50 y Q.31.50 para los tratamientos 1, 2 y 3 respectivamente.<br/><br/>Entre la importancia de este estudio esta que esta especie es promisoria<br/>para la región principalmente en el tema de fortalecimiento a la seguridad alimentaria, aunado a esto que también reúne bondades tales como el fácil manejo.
650 14 - PUNTO DE ACCESO ADICIONAL DE MATERIA--TÉRMINO DE MATERIA
Fuente del encabezamiento o término LEMB
Término de materia o nombre geográfico como elemento de entrada Cobán, Alta Verapaz.
Subdivisión general Zootecnia
-- Producción de caracoles
-- Conversión alimenticia
-- Diversidad de recursos
-- Desarrollo
-- Fortalecimiento
700 ## - ENTRADA AGREGADA--NOMBRE PERSONAL
Nombre de persona Lic. Zoot. Mauricio Arturo Quiroa Roldan
Término indicativo de función/relación Asesor
856 ## - LOCALIZACIÓN Y ACCESO ELECTRÓNICOS
Identificador Uniforme de Recurso <a href="https://drive.google.com/file/d/1i9xn6_HyYmvK8QMdELhPRgX8WqErakEB/view">https://drive.google.com/file/d/1i9xn6_HyYmvK8QMdELhPRgX8WqErakEB/view</a>
Texto de enlace PDF
Nota pública Un ejemplar en línea.
942 ## - ELEMENTOS DE ENTRADA SECUNDARIOS (KOHA)
Fuente de la clasificación o esquema de estantería Clasificación Decimal Dewey
Tipo de ítem Koha TESIS
Parte de la signatura que identifica el ejemplar (Parte del ítem) TZ 0052
Prefijo de la signatura Clasificación
Suprimir en OPAC No
-- TZ_0052_000000000000000
Existencias
Estatus retirado Estado de pérdida Fuente de la clasificación o esquema de estantería Estado de daño No para préstamo Colección Biblioteca de origen Biblioteca actual Fecha de adquisición Número de inventario Total de préstamos Signatura topográfica completa Código de barras Visto por última vez Precio de reemplazo Tipo de ítem Koha
    Clasificación Decimal Dewey     tesis BIBLIOTECA- CUNOR -JOSÉ LUIS GONZALES ROSALES BIBLIOTECA- CUNOR -JOSÉ LUIS GONZALES ROSALES 13/10/2025 TZ 0052   TZ 0052 TZ 0052 13/10/2025 13/10/2025 TESIS